| 000 | 00344nam a22001337a 4500 | ||
|---|---|---|---|
| 008 | 181204b xxu||||| |||| 00| 0 eng d | ||
| 020 | _a9780940069039 | ||
| 041 | _aeng | ||
| 080 | _a370 | ||
| 100 | _a49 | ||
| 101 | _aEDU | ||
| 245 |
_aCollaboration Handbook Creating Sustainnig And Enjoying The Journey _cWilder.A.H |
||
| 942 |
_2udc _cBK |
||
| 999 |
_c52781 _d52781 |
||